| 000 | 00421nam a2200169Ia 4500 | ||
|---|---|---|---|
| 005 | 20250423095130.0 | ||
| 008 | 250422s9999 xx 000 0 und d | ||
| 020 | _a9789785049790 | ||
| 050 | _aPN 4784.E28 .E85/ | ||
| 245 | 0 | _aEditorial writing and opinion articles | |
| 260 | _aLagos | ||
| 260 | _bGreat Achievers Communication | ||
| 260 | _c2014 | ||
| 300 | _a194 p | ||
| 650 | _aEditorial Writing | ||
| 942 | _cBK | ||
| 999 |
_c29338 _d29338 |
||